|
|
|
|
| LEADER |
00000cam a22000004a 4500 |
| 001 |
musev2_22571 |
| 003 |
MdBmJHUP |
| 005 |
20230905042413.0 |
| 006 |
m o d |
| 007 |
cr||||||||nn|n |
| 008 |
120116s2010 alu o 00 0 eng d |
| 020 |
|
|
|a 9781573668200
|
| 020 |
|
|
|z 9781573661584
|
| 035 |
|
|
|a (OCoLC)785776405
|
| 040 |
|
|
|a MdBmJHUP
|c MdBmJHUP
|
| 100 |
1 |
|
|a Cardinale, Joseph.
|
| 245 |
1 |
4 |
|a The Size of the Universe
|
| 264 |
|
1 |
|a Tuscaloosa :
|b University of Alabama Press,
|c 2010.
|
| 264 |
|
3 |
|a Baltimore, Md. :
|b Project MUSE,
|c 2014
|
| 264 |
|
4 |
|c ©2010.
|
| 300 |
|
|
|a 1 online resource (133 pages).
|
| 336 |
|
|
|a text
|b txt
|2 rdacontent
|
| 337 |
|
|
|a computer
|b c
|2 rdamedia
|
| 338 |
|
|
|a online resource
|b cr
|2 rdacarrier
|
| 505 |
0 |
|
|a The Singularity; The Great Disappointment; Art in Heaven; Action at a Distance; May I Not Seem to Have Lived; Proportions for the Human Figure.
|
| 520 |
|
|
|a The landscape of this novel in stories--Joseph Cardinale's first book-length work of fiction--is as familiar as childhood yet beguilingly surreal. The question of whether or not the child in the first fiction and the man in the last story are the same person--and whether any person is the same from one moment to the next--is perhaps the book's main question. In prose as spare as it is meticulous, The Size of the Universe conjures an elegant labyrinth of time, space, and memory, in which a wavering self, a self on the verge of becoming nothing, seeks a safe haven from the throes of near-reli.
|
| 588 |
|
|
|a Description based on print version record.
|
| 650 |
|
7 |
|a Space and time.
|2 fast
|0 (OCoLC)fst01127622
|
| 650 |
|
7 |
|a LITERARY CRITICISM
|x American
|x General.
|2 bisacsh
|
| 650 |
|
0 |
|a Space and time
|v Fiction.
|
| 655 |
|
7 |
|a Fiction.
|2 fast
|0 (OCoLC)fst01423787
|
| 655 |
|
7 |
|a Electronic books.
|2 local
|
| 710 |
2 |
|
|a Project Muse.
|e distributor
|
| 830 |
|
0 |
|a Book collections on Project MUSE.
|
| 856 |
4 |
0 |
|z Texto completo
|u https://projectmuse.uam.elogim.com/book/22571/
|
| 945 |
|
|
|a Project MUSE - Custom Collection
|
| 945 |
|
|
|a Project MUSE - Archive Complete Supplement II
|
| 945 |
|
|
|a Project MUSE - Archive Poetry, Fiction and Creative Non-Fiction Supplement II
|